[Event "TUR-ch (Women)"]
[Site "Antalya"]
[Date "2019.03.03"]
[Round "1"]
[White "Kesen, Selay"]
[Black "Bayrak, Beril"]
[Result "0-1"]
[WhiteElo "1015"]
[BlackElo "1494"]
[PlyCount "72"]
[EventDate "2019.03.03"]
[EventType "swiss"]
[EventRounds "9"]
[EventCountry "TUR"]
[SourceTitle "CBM 189 Extra"]
[Source "ChessBase"]
[SourceDate "2019.06.03"]
[SourceVersion "1"]
[SourceVersionDate "2019.06.03"]
[SourceQuality "1"]

1. e4 c6 2. d4 d5 3. Nc3 dxe4 4. Nxe4 Bf5 5. Ng3 Bg6 6. Nf3 Nd7 7. Bd3 Bxd3 8. Qxd3 Ngf6 9. 0-0 e6 10. c4 Nb6 11. b3 Be7 12. Bb2 Qc7 13. Qe2 0-0 14. Rac1 Rfe8 15. Ne5 Nbd7 16. f4 c5 17. Kh1 Rad8 18. Rcd1 Qa5 19. Ba1 Bd6 20. Rfe1 Nf8 21. Qf2 Ng6 22. Kg1 Nd7 23. Nxg6 hxg6 24. Ne4 Be7 25. Bc3 Qc7 26. Rd2 b6 27. Red1 Nf6 28. Nxf6+ Bxf6 29. Re1 Rd7 30. Red1 Red8 31. Qe3 cxd4 32. Bxd4 Bxd4 33. Rxd4 Qc5 34. b4 Rxd4 35. bxc5 Rxd1+ 36. Kf2 R8d2+ 0-1